| 000 | 00570nam a2200217Ia 4500 | ||
|---|---|---|---|
| 003 | OSt | ||
| 005 | 20241010050129.0 | ||
| 008 | 240925s9999 xx 000 0 und d | ||
| 020 | _a71009051 | ||
| 040 | _cdf | ||
| 082 | _a621.381076 CAT | ||
| 100 | _aCathey, Jimmie J. | ||
| 245 | 0 | _aSchaum's Solved Problems Series 2000 Solved Problems in Electronics | |
| 250 | _aNA | ||
| 260 |
_aNew York: _bMcGraw-Hill _c,1991. |
||
| 300 |
_av,133p. _bNA _fOriginal |
||
| 500 | _aIncludes Index | ||
| 600 | _aElectronic Engineering | ||
| 650 | _aTechnology | ||
| 942 |
_cBK _2ddc |
||
| 999 |
_c2590 _d2590 |
||